000 01034nam a2200277 i 4500
001 bg
100 1 _aBORECKI, Michał
245 1 0 _aMetody natężeniowe modelowania, analizy i syntezy systemów światłowodowych /
_cMichał Borecki.
260 _aWarszawa :
_bOficyna Wydawnicza PW,
_c2004.
300 _a159, [3] s. :
_brys., wykr. ;
_c24 cm.
490 1 _aPrace Naukowe. Elektronika / Politechnika Warszawska ;
_v0137-2343
500 _aOpis wg okł. - W nagł. odmienny tyt. serii: Prace Naukowe Politechniki Warszawskiej. - Streszcz. ang.
500 _aPrace Naukowe Politechniki Warszawskiej.
500 _aNumeracja ser. gł. : z. 149.
504 _aBibliogr.
650 9 _aŚwiatłowody
_xbadanie
650 9 _aŚwiatłowody
_xprojektowanie
650 9 _aOptyka
650 9 _aModele matematyczne
_xstosowanie
830 0 _aPrace Naukowe. Elektronika (Politechnika Warszawska) ;
040 _cBPK
041 0 _apol
_beng
080 _a621.372:535.8
942 _cKS
008 s pl f |000 0 pol
999 _c46359
_d46359
856 _uhttp://koha.tu.koszalin.pl/cgi-bin/koha/opac-detail.pl?biblionumber=46359
_yKatalog online BPK